000 01920nam a2200397Ia 4500
001 dia_5716
003 CHAP
005 20240315083044.0
007 ta
008 220117s2008 mx abdof 001 0 spa d
040 _amxchpua
_cCHAP
090 _aT.C.468
_bR36 SAI
_c2008
245 1 0 _aMiel en el estado de Yucatán /
_ccoordinador Marco Favio Ramírez Sepúlveda ; colaborador Guadalupe Alvarado Villareal...[y otros]
260 _aMéxico :
_bEl autor,
_c2008
300 _a65 hojas :
_bilustraciones, tablas, gráficas, diagramas, mapas, fotos
336 _2rdacontent
_atexto
_btxt
337 _2rdamedia
_ano mediado
_bn
338 _2rdacarrier
_avolumen
_bnc
500 _aGrado: 6° año Grupo: 01 Incluye directorio
502 _aViaje de Estudios
_b(SAI) --
_cUACh. Departamento de Ingeniería Agroindustrial,
_d2008
504 _aBibliografía: hojas 56-57
505 0 0 _tEmpresas visitadas: -- 1.Universidad Autónoma de Yucatán, Facultad de Medicina Veterinaria y Zootecnia -- 2.FIRA -- 3.Agencia Mérida -- 4.Agencia Valladolid -- 5.Mimiel -- 6.Apícola Maya de Yucatán -- 7.Instituto Nacional de Investigaciones Forestales, Agrícolas y Pecuarias (INIFAP) -- 8.Cab-Balam, S. P. R. -- 9.Centro Regional Universitario de la Península de Yucatán (CRUPY)
650 1 3 _aMiel de abeja
_9159098
_zMéxico
_zYucatán
650 1 3 _aMiel y productos fabricados por abejas
_9143229
650 1 3 _aHoney
_9159424
_zMexico
_zYucatán
650 1 3 _aHoney and bee products
_9147739
700 1 _aRamírez Sepúlveda, Marco Favio
_9150304
_ecoordinador
700 1 _aAlvarado Villareal, Guadalupe
_9159425
_ecolaborador
856 4 2 _uhttp://10.13.5.2/ve/TC468SAI/TC468SAI2008-REPORTE.pdf
_yDESCARGAR REPORTE
901 _aT.C.468 R36 SAI 2008
902 _aM
905 _a5232272008 mx mdl 8223123322spa16
942 _2local
942 _cVE
999 _c176731
_d176731